Statystyki dla Top 15 Najpopularniejszych Miast W Europie

Kliknij tutaj aby rozwiązać quiz!

Ogólne statystyki

  • Ten quiz został rozwiązany 55 razy
  • Średni wynik to 12 z 15

Statystyki odpowiedzi

TopOdpowiedzi% Poprawnych
1.Londyn
100%
10.Madryt
100%
2.Paryż
98%
13.Berlin
94%
7.Rzym
94%
4.Barcelona
91%
5.Amsterdam
87%
14.Lizbona
85%
6.Mediolan
79%
9.Praga
77%
8.Wiedeń
72%
11.Monachium
60%
3.Stambuł
53%
12.Dublin
49%
15.Frankfurt
19%

Rozkład punktacji

Percentyl według liczby udzielonych odpowiedzi

Procent ludzi z każdym wynikiem

Twoja historia wyników

Nie rozwiązałeś tego quizu